| 000 | 00961nam a22003017a 4500 | ||
|---|---|---|---|
| 003 | CHAP | ||
| 005 | 20220329135014.0 | ||
| 008 | 971013s1989 r 00010 d | ||
| 010 | _a29420 | ||
| 011 | _a30392 | ||
| 035 | _a34504 | ||
| 040 | _cCHAP | ||
| 090 | _aFolleto 12254 | ||
| 100 | 0 | 0 |
_aMagaña Castro, Rogelio. _969783 |
| 245 | _aCooperativas industriales en la industria mediana y pequeña en México | ||
| 260 |
_aMéxico, D.F. : _bFundación Friedrich Ebert, _c1989 |
||
| 300 | _a41 p | ||
| 490 | _aEconomics. Working paper | ||
| 590 |
_aBATCH-UPD _b10 _c20130110 _lUCH01 _h1622 |
||
| 590 |
_aBATCH-UPD _b10 _c20130410 _lUCH01 _h1016 |
||
| 590 |
_aBATCH-UPD _b10 _c20130914 _lUCH01 _h1740 |
||
| 590 |
_aCONVERSION _b10 _c20130109 _lUCH01 _h1317 |
||
| 650 | 1 | 4 |
_aSociedades cooperativas _xMéxico. _9108135 |
| 830 | 0 |
_aEconomics. Working paper _935222 |
|
| 901 | _aBK | ||
| 942 | _cFOLL | ||
| 949 |
_aFolleto 12254 _bBC _cFOLL _d-79806 _eTS1 _i34504 _mD _si |
||
| 999 |
_c29420 _d29420 |
||